Wings of Fire: The Jade Mountain Prophecy - Statistics

General Stats
  • This quiz has been taken 332 times
  • The average score is 49 of 56
Answer Stats
Answer % Correct
be
97%
the
97%
the
97%
the
97%
the
97%
the
97%
the
97%
of
95%
of
95%
of
95%
of
95%
and
91%
and
91%
will
89%
Beware
88%
Beware
88%
Beware
88%
Beware
88%
darkness
88%
is
88%
is
88%
is
88%
Jade
88%
Mountain
88%
dragons,
87%
dreams,
87%
fall
87%
ice
87%
stalker
87%
to
87%
to
87%
earth,
86%
fire,
86%
night
86%
power
86%
city
85%
thunder
85%
can
84%
found.
84%
lost
84%
shake
84%
Something
84%
Something
84%
talons
84%
who
84%
coming
83%
coming
83%
not
83%
seems.
83%
she
83%
Unless
83%
beneath
82%
what
82%
one
81%
ground.
80%
scorch
80%
No matching quizzes found
Score Distribution
Percent of People with Each Score
Percentile by Number Answered
Your Score History
You have not taken this quiz